|
|
|
|
| LEADER |
01876nam a2200469 i 4500 |
| 001 |
nkc20203172658 |
| 003 |
CZ PrNK |
| 005 |
20211014143429.0 |
| 007 |
ta |
| 008 |
200123s2019 xr a f 000 0 cze |
| 015 |
|
|
|a cnb003172658
|
| 020 |
|
|
|a 978-80-7394-774-3
|q (brožováno)
|
| 035 |
|
|
|a (OCoLC)1200255532
|
| 040 |
|
|
|a ABA001
|b cze
|e rda
|
| 043 |
|
|
|a e------
|
| 072 |
|
7 |
|a 336.1/.5
|x Veřejné finance
|2 Konspekt
|9 4
|
| 080 |
|
|
|a 336.226.3
|2 MRF
|
| 080 |
|
|
|a 336.22:340.137
|2 MRF
|
| 080 |
|
|
|a (4)
|2 MRF
|
| 080 |
|
|
|a (048.8)
|2 MRF
|
| 100 |
1 |
|
|a Rybová, Jarmila
|7 mzk2003169999
|4 aut
|
| 245 |
1 |
0 |
|a Úloha minimálních sazeb spotřebních daní /
|c Jarmila Rybová, Karolína Doležalová
|
| 264 |
|
1 |
|a V Českých Budějovicích :
|b Ekonomická fakulta, Jihočeská univerzita,
|c 2019
|
| 300 |
|
|
|a 85 stran :
|b barevné ilustrace ;
|c 30 cm
|
| 336 |
|
|
|a text
|b txt
|2 rdacontent
|
| 337 |
|
|
|a bez média
|b n
|2 rdamedia
|
| 338 |
|
|
|a svazek
|b nc
|2 rdacarrier
|
| 504 |
|
|
|a Obsahuje bibliografii a bibliografické odkazy
|
| 650 |
0 |
7 |
|a spotřební daně
|7 ph125968
|z země Evropské unie
|2 czenas
|
| 650 |
0 |
7 |
|a daňová harmonizace
|7 ph312532
|z země Evropské unie
|2 czenas
|
| 650 |
0 |
9 |
|a spendings tax
|z European Union countries
|2 eczenas
|
| 650 |
0 |
9 |
|a tax harmonization
|z European Union countries
|2 eczenas
|
| 655 |
|
7 |
|a monografie
|7 fd132842
|2 czenas
|
| 655 |
|
9 |
|a monographs
|2 eczenas
|
| 700 |
1 |
|
|a Doležalová, Karolína
|7 jo20201083017
|4 aut
|
| 710 |
2 |
|
|a Jihočeská univerzita.
|b Ekonomická fakulta
|7 kn20080110007
|4 isb
|
| 910 |
2 |
|
|a BOA001
|b 4-1475.217
|
| 928 |
9 |
|
|a Jihočeská univerzita, Ekonomická fakulta
|
| 990 |
|
|
|a BK
|
| 995 |
|
|
|a 01
|
| 996 |
6 |
|
|b 2610881629
|c 4-1475.217
|l MZK
|r Sklad / do 1 hodiny
|n 0
|p p.v.
|w 001865688
|u 000010
|a 1
|e BOA001
|j MZK50
|s P
|
| 996 |
7 |
|
|b 2610881630
|c 4-1475.217
|l MZK
|r Sklad / do 1 hodiny
|n 1
|p dar
|w 001865688
|u 000020
|a 1
|e BOA001
|j MZK50
|s A
|